Sports Quiz

Random Sports or Letter Quiz

Big 4 Sports Teams Hangman Quiz Stats

 Plays Quiz Updated Feb 22, 2017

Also try: Country Hangman
Challenge
Share
Tweet
Embed
Score 0/108 Timer 04:00
0 Plays Today
Big 4 Team % Correct
A5???
92.6%
A6???
87.7%
S6???
82.7%
O6???
82.3%
R6???
82.2%
T6???
82%
C5???
80.4%
*6 LETTER*???
80.1%
A8???
79.8%
X6???
79.2%
Z6???
79.1%
I5???
78.8%
V6???
78.7%
E7???
78.4%
W6???
78.2%
Y6???
77.8%
Q6???
77.7%
S7???
77.2%
J6???
77.2%
M5???
77%
K6???
76.7%
G5???
76.5%
F6???
76.3%
S8???
76%
P6???
75.9%
H6???
75.6%
G6???
75.5%
O7???
75.3%
T7???
74.3%
*5 LETTER*???
74.1%
D6???
74.1%
C7???
74.1%
I8???
73.8%
C6???
73.7%
B6???
73.5%
R8???
73.4%
Big 4 Team % Correct
O8???
73.1%
U6???
73%
T8???
72.8%
M6???
72.5%
X5???
72.5%
Q5???
72.4%
Z5???
72.2%
L6???
71.8%
V5???
70.8%
P8???
70.1%
Y7???
69.7%
J5???
69.2%
Y5???
68.9%
*8 LETTER*???
68.2%
*7 LETTER*???
68.2%
K5???
67.8%
W5???
67.6%
N6???
66.8%
X8???
66.3%
Z8???
66.1%
Q8???
65.7%
F5???
65.2%
Z7???
65.2%
U5???
65.1%
V8???
64.8%
Q7???
64.6%
X7???
64.4%
Y8???
62.9%
H5???
62.9%
P5???
62.2%
I6???
61.8%
W8???
61.4%
V7???
61.4%
J8???
61.2%
K8???
60.3%
J7???
59.8%
Big 4 Team % Correct
F8???
58.1%
K7???
57.9%
D5???
57.3%
G8???
56.8%
W7???
56.6%
F7???
56.4%
H8???
56.3%
O5???
55.5%
U8???
55.2%
B5???
53.4%
G7???
53.4%
B8???
53.3%
U7???
53.2%
H7???
52.3%
D8???
52%
L5???
51.9%
P7???
50.9%
N5???
49.9%
C8???
49.6%
D7???
49%
L8???
48.6%
M8???
47.7%
B7???
47.5%
E6???
46.9%
R5???
43.5%
M7???
43.3%
L7???
41.7%
T5???
40.7%
N8???
40.2%
N7???
37.8%
E5???
33.2%
R7???
29.1%
I7???
28.7%
S5???
27.4%
E8???
20.6%
A7???
13.5%

You're not logged in!

Compare scores with friends on all Sporcle quizzes.
Join for Free
OR
Log In

You Might Also Like...

Show Comments

Extras

Top Quizzes Today


Score Distribution

Your Account Isn't Verified!

In order to create a playlist on Sporcle, you need to verify the email address you used during registration. Go to your Sporcle Settings to finish the process.

Report this User

Report this user for behavior that violates our Community Guidelines.

Details: